Portfolio Optimization Theory: Estimation of the Covariance Matrix for High-dimensional Data

Salvato in:
Dettagli Bibliografici
Autore principale: Furková, Andrea, 1975-
Altri autori: Knížat, Peter, 1980-
Natura: Capitolo di libro
Lingua:inglese
Soggetti:
Tags: Aggiungi Tag
Nessun Tag, puoi essere il primo ad aggiungerne!!

MARC

LEADER 00000naa$a2200000$$$4500
001 0298929
005 20240502084010.0
041 0 |a eng 
044 |a PL 
245 1 0 |a Portfolio Optimization Theory: Estimation of the Covariance Matrix for High-dimensional Data  |c Andrea Furková, Peter Knížat 
500 |a Abstrakt 
610 2 0 |a portfólio 
610 2 0 |a optimalizácia 
610 2 0 |a matice 
610 2 0 |a dáta 
100 1 |a Furková, Andrea, 1975- 
700 1 |a Knížat, Peter, 1980-